LEADER 00893nam a2200217 i 4500 001 000000044415 003 CaOOAMICUS 005 20120731000000.0 008 120731s1865 it u000 u ita u 013 $a15585 040 $aSeMil$bita 100 1 $aSpurgeon, Charles Haddon.$0(OLS)http://semarc/name/22093 245 10$aRaccolta di ventiquattro sermoni /$cdel rev. C. H. Spurgeon. 260 $aFirenze :$bTipografia Claudiana,$c1865. 300 $a1 v. (paginazione varia) ;$c24 cm. 650 4$aTeologia protestante.$0(OLS)http://semarc/subject/720 650 4$aSermoni - Testi.$0(OLS)http://semarc/subject/4724 850 $aSeMil 852 $aSeMil$W1$xVenegono$y1$m2B IV 57 FA$j10570$B10570$CSeMilBibl$Z2$F10570 $8I 996 $6245$aRaccolta di ventiquattro sermoni$9(OLS)http://semarc/title/65683 996 $6260$aFirenze :$bTipografia Claudiana$9(OLS)http://semarc/publisher/40566 LEADER 00892nam a2200217 i 4500 001 000000201019 003 CaOOAMICUS 005 20110418000000.0 008 110418s1900 it u000 u ita u 013 $a179720 040 $aSeMil$bita 100 1 $aMorando, Giuseppe.$0(OLS)http://semarc/name/524 245 13$aIl P. Luigi Lanzoni, Superiore generale dei RR. PP. rosminiani :$breminiscenze /$cGiuseppe Morando. 260 $a[S.l. :$bs.n.],$c1900. 300 $aP. 24-56 ;$c23 cm. 500 $aEstratto da ĞLa rassegna nazionaleğ, vol. 118. 773 0 $t[Miscellanea.$w()24790 850 $aSeMil 852 $aSeMil$W1$xVenegono$y1$m5B II 3/4 FA$j248235$B151548$CSeMilBibl$Z2$F162760 $8I 996 $6245$aIl P. Luigi Lanzoni, Superiore generale dei RR. PP. rosminiani :$breminiscenze$9(OLS)http://semarc/title/290830 996 $6260$a[S.l. :$bs.n.]$9(OLS)http://semarc/publisher/29751